000 00953nam a2200313 i 4500
003 EG-GICUC
005 20260121101709.0
008 260110s1932 ua ||||f |||| 00| 0 fre d
040 _aEG-GiCUC
_bfre
_cEG-GiCUC
_dEG-GiCUC
_eRda
041 0 _afre
082 0 4 _221
_a330.040
_bGI . É
092 0 4 _221
099 _aLaw1 13 330.040 GI . É 1932
100 1 _aGitaud, René
_eAuteur
245 1 0 _aÉconomie de I'Europe Future /
_cRené Gitaud.
264 1 _aParis :
_bLibrairie Valois.
_c1932.
300 _a223 page ;
_c 24 cm.
336 _2rda contenu
_a texte
337 _2rda medias
_aOrdinateur
338 _2 transporteur rda
_a Ressource en ligne
490 _aCrises et Plans
_vIV
504 _aComprend des références bibliographiques.
546 _aTexte en français
650 1 4 _aÉconomie
650 1 4 _aEurope
856 4 0 _uhttps://fll.law.cu.edu.eg/fulltext/bks/B13-09373.pdf
905 _a73
942 _2ddc
_n0
_cBK
_e21
999 _c55889
_d55889